000 00556nam a2200157 i 4500
001 85506
003 ES-MaACL
005 20230906175244.0
007 t|
008 041128s1972 sp ||||1| spa d
245 0 0 _aJurisprudencia civil y contencioso administrativa
_b: año 1970 : sentencias dictadas por la Audiencia Territorial de Sevilla.
260 _aSevilla :
_bIlustre Colegio de Abogados de Sevilla,
_c[1972]
300 _a174 p. ;
_c24 cm.
710 1 _aEspaña.
_bAudiencia Territorial de Sevilla.
_92070
852 _aES-MaACL
_jC-51867
_bR.85465
999 _c85506
_d85506